Atmospheric aerosol : source/air quality relationships : based on a symposium jointly sponsored by the Divisions of Nuclear Chemistry and Technology and Environmental Chemistry at the second Chemical Congress of the North American Continent (180th ACS national meeting), Las Vegas, Nevada, August 27-29, 1980 /

Bibliographic Details
Corporate Authors: American Chemical Society. Division of Nuclear Chemistry and Technology, American Chemical Society. Division of Environmental Chemistry, American Chemical Society. Meeting, Chemical Congress of the North American Continent
Other Authors: Macias, Edward S., 1944-, Hopke, Philip K., 1944-
Format: Conference Proceeding eBook
Language:English
Published: Washington, D.C. : American Chemical Society, 1981.
Series:ACS symposium series ; 167.
Subjects:
Online Access:Connect to the full text of this electronic book

MARC

Tag First Indicator Second Indicator Subfields
LEADER 00000cam a2200000 a 4500
001 in00005505521
006 m o d
007 cr |||||||||||
008 090928s1981 dcua ob 001 0 eng d
005 20241009195833.9
035 |a (OCoLC)ocn440769655 
040 |a MUU  |b eng  |e pn  |c MUU  |d OKU  |d OCLCQ  |d OCLCF  |d OCLCE  |d OCLCQ  |d OCLCO  |d OCLCQ  |d ACY  |d OCLCQ  |d YDX  |d OCLCQ  |d EYM  |d OCLCO  |d OCLCA  |d OCLCO  |d OCLCQ  |d OCL  |d OCLCO  |d OCLCL 
019 |a 610147959  |a 655553330 
020 |a 9780841208438  |q (ebook) 
020 |a 0841208433  |q (ebook) 
020 |z 0841206465 
020 |z 9780841206465 
035 |a (OCoLC)440769655  |z (OCoLC)610147959  |z (OCoLC)655553330 
042 |a dlr 
043 |a n-us--- 
050 4 |a QC882  |b .A868 
072 7 |a TEC  |x 010000  |2 bisacsh 
082 0 4 |a 628.5/3  |2 19 
049 |a TXAM 
245 0 0 |a Atmospheric aerosol :  |b source/air quality relationships : based on a symposium jointly sponsored by the Divisions of Nuclear Chemistry and Technology and Environmental Chemistry at the second Chemical Congress of the North American Continent (180th ACS national meeting), Las Vegas, Nevada, August 27-29, 1980 /  |c Edward S. Macias, editor, Philip K. Hopke, editor. 
260 |a Washington, D.C. :  |b American Chemical Society,  |c 1981. 
300 |a 1 online resource (viii, 359 pages) :  |b illustrations 
336 |a text  |b txt  |2 rdacontent 
337 |a computer  |b c  |2 rdamedia 
338 |a online resource  |b cr  |2 rdacarrier 
490 1 |a ACS symposium series ;  |v 167 
500 |a Title from PDF title page (ACS publications, viewed September 28, 2009). 
504 |a Includes bibliographical references and index. 
505 0 |a New developments in receptor modeling theory / S.K. Friedlander -- The application of factor analysis to urban aerosol source resolution / Philip K. Hopke -- Composition of source components needed for aerosol receptor models / Glen E. Gordon, William H. Zoller, Gregory S. Kowalczyk, and Scott W. Rheingrover -- Review of the chemical receptor model of aerosol source apportionment / John A. Cooper -- The state of the art of receptor models relating ambient suspended particulate matter to sources / John G. Watson, Ronald C. Henry, John A. Cooper, and Edward S. Macias -- Air particulate control strategy development : a new approach using chemical mass balance methods / John E. Core, Patrick L. Hanrahan, and John A. Cooper -- Chemical species contributions to light scattering by aerosols at a remote arid site : comparison of statistical and theoretical results / J.R. Ouimette, R.C. Flagan, and A.R. Kelso -- Aerosols from a laboratory pulverized coal combustor / D.D. Taylor and R.C. Flagan -- Elemental composition of atmospheric fine particles emitted from coal burned in a modern electric power plant equipped with a flue-gas desulfurization system / J.M. Ondov, A.H. Biermann, R.E. Heft, and R.F. Koszykowski -- Sources and fates of atmospheric polycyclic aromatic hydrocarbons / Ronald A. Hites -- Atmospheric particulate organic matter : multivariate models for identifying sources and estimating their contributions to the ambient aerosol / J.M. Daisey and T.J. Kneip -- An automated thermal-optical method for the analysis of carbonaceous aerosol / Richard L. Johnson, Jitendra J. Shah, Robert A. Cary, and James J. Huntzicker -- Wintertime carbonaceous aerosols in Los Angeles : an exploration of the role of elemental carbon / M.H. Conklin, G.R. Cass, L.-C. Chu, and E.S. Macias -- Carbonaceous urban aerosol : primary or secondary? / Lih-Ching Chu and Edward S. Macias -- Comparisons between size-segregated resuspended soil samples and ambient aerosols in the western United States / T.A. Cahill, L.L. Ashbaugh, R.A. Eldred, P.J. Feeney, B.H. Kusko, and R.G. Flocchini -- Aerosol composition in relation to air mass movements in north China / John W. Winchester, Michael Darzi, Alistair C.D. Leslie, Wang Mingxing, Ren Lixin, and Lü Weixiu -- Sources of airborne calcium in rural central Illinois / Donald F. Gatz, Gary J. Stensland, Michael V. Miller, and Alistair C.D. Leslie -- The effect of Owens Dry Lake on air quality in the Owens Valley with implications for the Mono Lake area / J.B. Barone, L.L. Ashbaugh, B.H. Kusko, and T.A. Cahill. 
538 |a Master and use copy. Digital master created according to Benchmark for Faithful Digital Reproductions of Monographs and Serials, Version 1. Digital Library Federation, December 2002.  |u http://purl.oclc.org/DLF/benchrepro0212  |5 MiAaHDL 
583 1 |a digitized  |c 2010  |h HathiTrust Digital Library  |l committed to preserve  |2 pda  |5 MiAaHDL 
650 0 |a Aerosols. 
650 0 |a Air quality  |x Mathematical models. 
650 0 |a Air quality  |z United States. 
650 0 |a Atmospheric chemistry. 
650 0 |a Aerosols  |v Congresses. 
650 0 |a Air quality  |z United States  |v Congresses. 
650 0 |a Atmospheric chemistry  |v Congresses. 
650 2 |a Aerosols 
650 6 |a Aérosols  |v Congrès. 
650 6 |a Air  |x Qualité  |z Modèles mathématiques  |v Congrès. 
650 6 |a Air  |x Qualité  |z États-Unis  |v Congrès. 
650 6 |a Chimie de l'atmosphère  |v Congrès. 
650 6 |a Aérosols. 
650 6 |a Air  |x Qualité  |x Modèles mathématiques. 
650 6 |a Air  |x Qualité  |z États-Unis. 
650 6 |a Chimie de l'atmosphère. 
650 7 |a aerosol.  |2 aat 
650 7 |a TECHNOLOGY & ENGINEERING  |x Environmental  |x General.  |2 bisacsh 
650 7 |a Aerosols  |2 fast 
650 7 |a Air quality  |2 fast 
650 7 |a Air quality  |x Mathematical models  |2 fast 
650 7 |a Atmospheric chemistry  |2 fast 
651 7 |a United States  |2 fast  |1 https://id.oclc.org/worldcat/entity/E39PBJtxgQXMWqmjMjjwXRHgrq 
655 7 |a Electronic books.  |2 local 
655 7 |a Conference papers and proceedings  |2 fast 
700 1 |a Macias, Edward S.,  |d 1944-  |1 https://id.oclc.org/worldcat/entity/E39PBJbWvMt7yhdHrxyyRGppT3 
700 1 |a Hopke, Philip K.,  |d 1944-  |1 https://id.oclc.org/worldcat/entity/E39PBJvCW9cK8WmRG4bkhD6HYP 
710 2 |a American Chemical Society.  |b Division of Nuclear Chemistry and Technology. 
710 2 |a American Chemical Society.  |b Division of Environmental Chemistry. 
710 2 |a American Chemical Society.  |b Meeting  |n (180th :  |d 1980 :  |c Las Vegas, Nev.) 
711 2 |a Chemical Congress of the North American Continent  |n (2nd :  |d 1980 :  |c Las Vegas, Nev.) 
758 |i has work:  |a Atmospheric aerosol (Text)  |1 https://id.oclc.org/worldcat/entity/E39PCGYtxbb67ggv9B4KGjtVG3  |4 https://id.oclc.org/worldcat/ontology/hasWork 
776 0 8 |i Print version:  |t Atmospheric aerosol.  |d Washington, D.C. : American Chemical Society, 1981  |z 0841206465  |w (DLC) 81010960  |w (OCoLC)7652990 
830 0 |a ACS symposium series ;  |v 167. 
856 4 0 |u http://proxy.library.tamu.edu/login?url=https://pubs.acs.org/doi/book/10.1021/bk-1981-0167  |z Connect to the full text of this electronic book  |t 0 
955 |a ASC eBooks Complete Collection 
994 |a 92  |b TXA 
999 f f |s 1f3b5635-b0a9-4b91-b91a-7878be2d19ba  |i 290ddad3-62ed-4532-9472-c7458b496b7c  |t 0 
952 f f |a Texas A&M University  |b College Station  |c Electronic Resources  |d Available Online  |t 0  |e QC882 .A868  |h Library of Congress classification 
998 f f |a QC882 .A868  |t 0  |l Available Online